000 00414nam a2200181Ia 4500
001 10662
005 20260306161848.0
008 260306t1982||||xx |||||||||||||| ||spa||
041 _aESP
082 _a946.043
_bH79
100 _aHowarth, David
_eAUT
245 0 _aLa armada invencible
260 _c1982
300 _a253 páginas :
_c21 cm.
650 _aGEN
654 _aCHU
942 _cLIB
_dJUS
_fJUS
_2ddc
_n
999 _c10662
_d10662